00587nam a2200157 a 450000100100000000500170001000800410002704000250006810000470009324500610014026000770020130000200027804900090029895201050030799900170041200002797020200930031237.0110406s1946 dr 000 p spa d aDO-SdBNPbspacBNPHU1 aMoreno Jimenes, Domingo,d1894-198691953414aLos milenios del tercer mundo /cDomingo Moreno Jimenes. aCiudad Trujillo, República Dominicana :bLibrería Dominicana,c1946. a14 p. ;c14 cm. aBNPD 001050718RVaPDbPDcHDd2011-04-06iLF1l0o p27970-10r2020-06-25w2020-06-25y1ZNo se presta c27462d27462